1+1=1 (Record no. 3196)
[ view plain ]
| 000 -LEADER | |
|---|---|
| fixed length control field | 00762nam a2200253 4500 |
| 001 - CONTROL NUMBER | |
| control field | 1235489 |
| 003 - CONTROL NUMBER IDENTIFIER | |
| control field | GBCCL |
| 005 - DATE AND TIME OF LATEST TRANSACTION | |
| control field | 20241126110449.0 |
| 008 - FIXED-LENGTH DATA ELEMENTS--GENERAL INFORMATION | |
| fixed length control field | 690512s1969 tnu b 000 0 eng |
| 010 ## - | |
| -- | 69014364 |
| 040 ## - CATALOGING SOURCE | |
| Original cataloging agency | DLC |
| Transcribing agency | DLC |
| Modifying agency | DLC |
| 050 00 - | |
| -- | HQ734 |
| -- | .A73 |
| 082 00 - DEWEY DECIMAL CLASSIFICATION NUMBER | |
| Classification number | 306.81 |
| Item number | ARV |
| 100 1# - MAIN ENTRY--PERSONAL NAME | |
| Personal name | Arvin, Kay K., |
| Dates associated with a name | 1922- |
| 9 (RLIN) | 6612 |
| 245 10 - TITLE STATEMENT | |
| Title | 1+1=1 |
| Statement of responsibility, etc. | [by] Kay K. Arvin. |
| 260 ## - PUBLICATION, DISTRIBUTION, ETC. | |
| Place of publication, distribution, etc. | Nashville, |
| Name of publisher, distributor, etc. | Broadman Press |
| Date of publication, distribution, etc. | [1969] |
| 300 ## - PHYSICAL DESCRIPTION | |
| Extent | 127 p. |
| Dimensions | 21 cm. |
| 500 ## - GENERAL NOTE | |
| General note | On cover: How to have a successful and happy Christian marriage. |
| 504 ## - BIBLIOGRAPHY, ETC. NOTE | |
| Bibliography, etc. note | Bibliography: p. 127. |
| 650 #0 - SUBJECT ADDED ENTRY--TOPICAL TERM | |
| Topical term or geographic name entry element | Marriage. |
| 9 (RLIN) | 2123 |
| 740 ## - | |
| -- | How to have a successful and happy Christian marriage. |
| 906 ## - LOCAL DATA ELEMENT F, LDF (RLIN) | |
| a | 7 |
| b | cbc |
| c | orignew |
| d | u |
| e | ncip |
| f | 19 |
| g | y-gencatlg |
| 942 ## - ADDED ENTRY ELEMENTS (KOHA) | |
| Source of classification or shelving scheme | Dewey Decimal Classification |
| Koha item type | Books |
| Koha issues (borrowed), all copies | 3 |
| Withdrawn status | Lost status | Source of classification or shelving scheme | Damaged status | Not for loan | Home library | Current Library | Shelving location | Date acquired | Total checkouts | Full call number | Barcode | Date last seen | Date last checked out | Copy number | Price effective from | Koha item type |
|---|---|---|---|---|---|---|---|---|---|---|---|---|---|---|---|---|
| Dewey Decimal Classification | GRACE BIBLE COLLEGE | GRACE BIBLE COLLEGE | General Studies | 2017-11-20 | 3 | 306.81 ARV | 009321 | 2025-05-01 | 2022-08-05 | c.1 | 2017-11-20 | Books |